000 00381 a2200121 4500
001 ART_5593
005 20260410161828.0
008 260409a
245 1 0 _aEl ciclo Inflacionario Argentino 1970-1988
100 1 _aDabús, Carlos Darío
700 1 _aGutiérrez, Ricardo Raúl
773 0 _tEstudios Económicos
_g- Vol. 7, Nº 13/14 (ene./dic. 1989)
_wREV5080
999 _c22921
_d22921